000 00422nam a22001817a 4500
003 Ost
005 20220826230201.0
008 220826b |||||||| |||| 00| 0 eng d
020 _aNA
040 _cBT-PhCST
050 _a4168
082 _222
_a621.3120
100 _aGupta, J. B.
245 _aA course in electrical power /
260 _bS. K. Kataria & Sons.,
_cc2002.
300 _a0
_bill. ;
942 _2ddc
_cEE
_021
999 _c1663
_d1663